| 000 | 01521pam a2200361 i 4500 | ||
|---|---|---|---|
| 999 |
_c28366 _d28337 |
||
| 001 | 018812470 | ||
| 003 | EG-ScBUE | ||
| 005 | 20200318125708.0 | ||
| 008 | 180323t2018 enk f bd 001 0 eng d | ||
| 020 | _a9780198809579 (pbk.) | ||
| 040 |
_aStDuBDS _beng _erda _cStDuBDS _dUk _dEG-ScBUE |
||
| 082 | 0 | 4 |
_a343.420998 _bDOD _222 |
| 100 | 1 |
_aDodd, Mike, _d1949- _eauthor. |
|
| 245 | 1 | 0 |
_aMcNae's essential law for journalists / _cMike Dodd, Mark Hanna. |
| 246 | 3 | 0 | _aEssential law for journalists |
| 250 | _aTwenty-fourth edition. | ||
| 264 | 1 |
_aOxford, United Kingdom : _bOxford University Press, _c[2018] |
|
| 264 | 4 | _cc2018 | |
| 300 |
_axxix, 509 pages ; _c24 cm |
||
| 336 |
_atext _2rdacontent _btxt |
||
| 337 |
_aunmediated _2rdamedia _bn |
||
| 338 |
_avolume _2rdacarrier _bnc |
||
| 500 | _aIncludes glossary. | ||
| 504 | _aIncludes bibliographical references and index. | ||
| 520 | _aThe definitive media law guide for journalists and students alike. The only media law text endorsed by the NCTJ, McNae's offers unrivalled practical guidance on a wide range of reporting situations - an invaluable tool throughout your journalism career. | ||
| 650 | 7 |
_aJournalists _xLegal status, laws, etc. _zEngland. _2BUEsh |
|
| 650 | 7 |
_aJournalists _xLegal status, laws, etc. _zWales. _2BUEsh |
|
| 653 |
_bCOMAME _cMarch2020 |
||
| 655 |
_vText book _933728 |
||
| 700 | 1 |
_aHanna, Mark, _d1957 May 10- _eauthor. |
|
| 700 | 1 |
_aMcNae, L. C. J. _q(Leonard Cyril James), _d1902- _tEssential law for journalists. |
|
| 942 |
_2ddc _cTXT |
||